000 00367nam a2200145Ia 4500
008 220217s9999||||xx |||||||||||||| ||und||
020 _a81-765-0170-7
082 _a005.43 LEP
100 _aLepage, Yves Larrea, Poul
_93578
245 0 _aUnix bible
250 _a2nd
260 _aIDG books
_bNew Delhi
_c2000
300 _b449
650 _aOperating systems
999 _c172206
_d172206